000 00294nam a2200133Ia 4500
100 _aJefferson/ T.B./ Woods/ G.
942 _cBK
654 _aMetals
245 _aMetals and how to weld them
260 _bJames Lincoln
_aOhio
_c1981
082 _a671.52
300 _a392
546 _aENGLISH
999 _c34590
_d34590